Countries with the Greatest Natural Increase A-Z - Statistics

General Stats
  • This quiz has been taken 690 times
  • The average score is 13 of 22
Answer Stats
Natural Increase (‰) Country % Correct
Y 22.4 Yemen
84%
O 20.7 Oman
81%
Q 8.1 Qatar
81%
Z 29.3 Zambia
81%
N 32.4 Niger
80%
U 32.7 Uganda
70%
E 28.8 Ethiopia
69%
K 17.2 Kenya
65%
A 35.0 Angola
62%
M 34.1 Mali
61%
J 20.5 Jordan
58%
T 28.0 Tanzania
57%
V 20.0 Vanuatu
57%
H 17.1 Honduras
56%
G 26.1 Guinea
51%
B 32.5 Burundi
49%
L 30.7 Liberia
49%
C 25.8 Cameroon
47%
I 26.6 Iraq
47%
S 27.8 South Sudan
47%
P 17.6 Philippines
31%
F 15.8 F. S. of Micronesia
30%
No matching quizzes found
Score Distribution
Percent of People with Each Score
Percentile by Number Answered
Your Score History
You have not taken this quiz